000 00249nam a2200097Ia 4500
001 651477
005 20250826154420.0
008 250824s9999 xx 000 0 und d
245 0 _aMARTI KİMYASALLAR VE MADDELER HER DENEY BİR EĞLEN
260 _bMARTI
999 _c651477
_d651477